Statistics for Wimbledon Champions - Open Era

Click here to take the quiz!

General Stats

  • This quiz has been taken 43 times
    (15 since last reset)
  • The average score is 49 of 51

Answer Stats

YEARCHAMPION% Correct
1992Andre Agassi
100%
2016Andy Murray
100%
2013Andy Murray
100%
1979Bjorn Borg
100%
1978Bjorn Borg
100%
1980Bjorn Borg
100%
1976Bjorn Borg
100%
1977Bjorn Borg
100%
1986Boris Becker
100%
1985Boris Becker
100%
1989Boris Becker
100%
2001Goran Ivanisevic
100%
1981John McEnroe
100%
1983John McEnroe
100%
1984John McEnroe
100%
2002Lleyton Hewitt
100%
2011Novak Djokovic
100%
2014Novak Djokovic
100%
2015Novak Djokovic
100%
1994Pete Sampras
100%
1998Pete Sampras
100%
1993Pete Sampras
100%
1995Pete Sampras
100%
1999Pete Sampras
100%
2000Pete Sampras
100%
1997Pete Sampras
100%
2010Rafael Nadal
100%
2008Rafael Nadal
100%
1968Rod Laver
100%
1969Rod Laver
100%
2006Roger Federer
100%
2017Roger Federer
100%
2012Roger Federer
100%
2003Roger Federer
100%
2004Roger Federer
100%
2005Roger Federer
100%
2007Roger Federer
100%
2009Roger Federer
100%
1990Stefan Edberg
100%
1988Stefan Edberg
100%
1975Arthur Ashe
92%
1974Jimmy Connors
92%
1982Jimmy Connors
92%
1991Michael Stich
92%
1987Pat Cash
92%
1973Jan Kodes
83%
1970John Newcombe
83%
1971John Newcombe
83%
1996Richard Krajicek
83%
1972Stan Smith
83%
2018Novak Djokovic
58%

Score Distribution

Percentile by Number Answered

Percent of People with Each Score

Your Score History

You have not taken this quiz since the last reset